MDQL
is popping MORE tags! Check the
thread
!
Quizzes
Events
Quiz Creation
Community
Videos
Private Events
Remove Ads
Sign In
Join for FREE
Feedback
Dark Mode
Quiz Categories
Sports
Geography
Music
Movies
Television
Just For Fun
Miscellaneous
History
Literature
Language
Science
Gaming
Entertainment
Religion
Holiday
For Kids
Quiz Lab
Recent
Popular Today
Quiz Kudos Today
Editor Picks
Curator Picks
Quizzes by...
Day
Popularity
Type
Ratings
Length
Year
Community
Subscriptions
Recent Discussions
Orange Saloon
Badges
Playlists
Quests
Create
Leaderboards
Showdown
Live 5
Trivia Bingo
Activity
Puzzle Library
Sporcle Events
Private Events
Virtual Trivia
Globe League
Become a Host
Pub Owners
SporcleCon
Opinionation
Our Games
Videos
Blog
Mobile Apps
Partnerships
Remove Ads and Go Orange
Feedback
Movies
Disney
Marvel Cinematic Universe
Movie Resume
Movie Titles
Oscar
Actor
Actress
Director
Pixar
Role
Movie Quotes
Movie Characters
Box Office
Nominee
Best Picture
Star Wars
James Bond
Horror Movies
Movies
Disney
Marvel Cinematic Universe
Movie Resume
Movie Titles
Oscar
Actor
Actress
Director
Pixar
Role
Movie Quotes
Movie Characters
Box Office
Nominee
Best Picture
Star Wars
James Bond
Horror Movies
Random Quiz
Search Sporcle
×
Quiz Lab
Quiz Lab
Movies
Cast
Type in answers that appear in a list
Type in answers that appear in a list
Classic
Best Score? Go Orange.
The Big Lebowski Cast Stats
Can you name the Cast Members of The Big Lebowski?
By
seventhsamurai
7m
30 Questions
174 Plays
174 Plays
174 Plays
Comments
Comments
Give Quiz Kudos
Give Quiz Kudos
-
- Ratings
hide this ad
Replay
Link that replays current quiz
Next Quiz
Link to next quiz in quiz playlist
You Got
0%
They Got
Avg Score
34%
Avg Friend Score
Upgrade to see
Score Distribution
Jump to the score distribution portion of the page
Score
0/30
Timer
07:00
0
Plays Today
Role
Actor or Actress
% Correct
The Dude
Jeff Bridges
98.3%
Walter Sobchak
John Goodman
97.7%
Donny Kerabatsos
Steve Buscemi
94.8%
Brandt
Philip Seymour Hoffman
84.5%
Maude Lebowski
Julianne Moore
80.5%
Bunny Lebowski
Tara Reid
78.7%
Jesus Quintana
John Turturro
78.2%
The Stranger
Sam Elliott
60.3%
Kieffer
Flea
57.5%
Uli Kunkel/
Karl Hungus
Peter Stormare
40.2%
Jeffrey 'The Big' Lebowski
David Huddleston
29.9%
Knox Harrington, the video artist
David Thewlis
29.9%
Jackie Treehorn
Ben Gazzara
29.3%
Uli's Girlfriend
Aimee Mann
26.4%
Da Fino
Jon Polito
24.7%
Role
Actor or Actress
% Correct
Logjammin' Co-
Star
Asia Carrera
16.7%
Treehorn's Blond Thug
Mark Pellegrino
12.6%
Smokey
Jimmie Dale Gilmore
11.5%
Marty
Jack Kehler
9.8%
Tony the Chauffeur
Dom Irrera
8.6%
Franz
Torsten Voges
8%
Woo
Philip Moon
8%
Malibu Police Chief
Leon Russom
7.5%
Younger Cop
Christian Clemenson
7.5%
Older Cop
Richard Gant
7.5%
Liam O'Brien
James G. Hoosier
6.3%
Little Larry Sellers
Jesse Flanagan
5.2%
Saddam Hussein
Jerry Haleva
4.6%
A Good Doctor (and thorough)
Marshall Manesh
4%
Funeral director
Warren Keith
3.4%
Quiz Playlist
Details
Report
Send in Message
Add To Playlist
Classic:
Type in answers that appear in a list
Last Updated: Feb 16, 2017
Quiz Scoreboard
CHALLENGE
Sign Up to Join the Scoreboard
Show All
Scores
Hide
Comments
May contain spoilers
Recently Published
Two Season TV Shows II
by 123Four
Television
10m
Image Sorting: Flags VI
by Barbecue
Geography
2m
Find the 'City' Movie
by crazypaving
Movies
60s
More to Explore
Quiz From the Vault
Featured Blog Post
14 Easter Pick-up Lines to Find Eggs With
hide this ad
You Might Also Like...
Tags
Actor Quiz
Actress Quiz
Cast Quiz
Role Quiz
Cast Members
The Big Lebowski
Today's Top Quizzes in Movies
Browse Movies
hide this ad
Today's Top Quizzes in Cast
Browse Cast
Top Contributed Quizzes in Movies
1
Find The 'Big' Movie
2
The ultimate James Bond movie quiz
3
Find The 'Wild' Movie
4
Find The 'Blue' Movie
5
Movies By Plot
6
Hidden Star Wars Character II
7
Pick 5 Posters: Directed by Spielberg
8
Hidden Star Wars Character III
9
Hidden Star Wars Character IV
10
25 Best Actor Nominees (1990s)
Explore More
Trending Topics
NBA
Marvel
Crossword
Kpop
Harry Potter
Anime
Disney
Puzzle
The Office
Song
WWE
Soccer
Country
Pokémon
NFL
hide this ad
More By:
seventhsamurai
Quiz
Plays
Rating
Category
Featured
Created
MLB - 2000+ Games for Only One Team
1,433
4.41
Sports
Jan 13, 2011
IMDb Top 10 By Genre
487
3.56
Movies
Aug 9, 2010
100 Overlooked Films of the 90s
451
4.00
Movies
Aug 4, 2010
MLB - Winningest Pitchers Since 1986
405
4.25
Sports
Feb 8, 2011
MLB - TSN Player of the Year Awards
325
4.29
Sports
Jan 14, 2011
Go to Creator's Profile
Score Distribution
Quiz Creator Spotlight
seventhsamurai
Follow
Send a Message
Quizzes Created
-
Created Quiz Play Count
-
More By This Creator
Popular Quizzes Today
1
Find the US States - No Outlines Minefield
2
Colored Red Africa Blitz
3
Find the 'City' Movie
4
5x2 Blitz: Bands
5
The Countries of the World
6
Find the Countries of Europe - No Outlines Minefield
7
Find the US States
8
US States
More Movies Quizzes
Whozits and Whatzits Galore: Disney Objects
Published
Trending Quizzes
Colored Red Europe Blitz I
Colored Red Africa Blitz II
Colored Red Europe Blitz II
Colored Red Africa Blitz III
Colored Red Europe Blitz III
Recently Updated
How Do You Spell That?
pecheneg
Godzilla Movies
pecheneg
Grab Bag: 4-10 Letters
pecheneg
2024 March Madness Bracket
pecheneg
Famous TV Couples
Peacemaker
Champions League XIs: Real Madrid
pecheneg
Largest US Cities 1790-2010
pecheneg
Rides in Walt Disney World
pecheneg
Most Oscar Losses (Acting)
pecheneg
Beyoncé Albums
pecheneg
Trending Topics
Harry Potter
Crossword
NBA
Marvel
Kpop
Disney
Anime
Puzzle
WWE
The Office
Soccer
NFL
Song
Country
Pokémon
Your Account Isn't Verified!
In order to create a playlist on Sporcle, you need to verify the email address you used during registration. Go to your
Sporcle Settings
to finish the process.
Report this User
Report this user for behavior that violates our
Community Guidelines
.
Details:
Send Report
Go to the Sporcle.com Mobile Site →
Comments